000
00261nam a2200097Ia 4500
001
641684
005
20250826153512.0
008
250824s9999 xx 000 0 und d
245
0
_a
HUCKLE BERRY FİNN GENÇLİK KLASİKLERİ
_c
MARK TWAIN
260
_b
TİMAŞ ÇOCUK
999
_c
641684
_d
641684